La flama me llama : 69 tindermaníacos /
Gorde:
| Egile nagusia: | |
|---|---|
| Formatua: | Liburua |
| Hizkuntza: | gaztelania |
| Argitaratua: |
México :
edición de autor,
2018, c2018
|
| Gaiak: | |
| Etiketak: |
Etiketarik gabe, Izan zaitez lehena erregistro honi etiketa jartzen!
|
MARC
| LEADER | 00000nam^a2200000^a^4500 | ||
|---|---|---|---|
| 001 | 000413721 | ||
| 005 | 20250521000000.0 | ||
| 009 | 20260310122212.552 | ||
| 022 | |a 9786078601233 | ||
| 037 | |a Acervo ITESO - Biblioteca | ||
| 041 | |a ESP | ||
| 082 | |a 863. |b OCE | ||
| 100 | |a Oceguera, Mónica |e (autor) | ||
| 245 | 1 | 3 | |a La flama me llama : |b 69 tindermaníacos / |c M. Oceguera. |
| 264 | 4 | |a México : |b edición de autor, |c 2018, c2018 | |
| 300 | |a 220 p. + |e 1 separador | ||
| 336 | |a texto |b txt |2 rdacontenido | ||
| 337 | |a sin mediación |b n |2 rdamedio | ||
| 338 | |a volumen |b nc |2 rdasoporte | ||
| 545 | 0 | |a Mónica Oceguera, originaria de Guadalajara, Jalisco, con un estilo descriptivo, sarcástico y original ha escrito historias humanas sobre relaciones de pareja que surgen con frecuencia vía Internet. Además de libros ha publicado para periódicos locales, ha colaborado en algunas estaciones de radio de su ciudad y escribe también en y sobre las redes sociales electrónicas. Estudió Comercio Internacional en la Universidad de Guadalajara y se emplea de manera independiente como perito traductor. Entre sus libros obras se encuentran: Príncipes multicolores y ninguno Azul (2015); La flama me llama: 69 Tindermaníacos (2018). | |
| 649 | |a XX | ||
| 650 | |a Narrativa de No Ficción Jalisciense | ||
| 650 | |a Narrativa de No Ficción Mexicana | ||
| 650 | |a Literatura Jalisciense - |y Siglo XXI | ||
| 650 | |a Literatura Mexicana - |y Siglo XXI | ||
| 650 | |a Literatura de Mujeres - |z Jalisco | ||
| 650 | |a Literatura de Mujeres - |z México | ||
| 650 | |a Erotismo | ||
| 650 | |a Internet - |x Aspectos Sociales y Culturales | ||
| 910 | |a Fondo General | ||
| 920 | |a Impresos - Libros | ||
| 930 | |a Colección General | ||
| 940 | |a Literatura | ||
| 905 | |a 101 | ||
| 901 | |a 0500323174 |b IT1 |c LIT |i C165716 |u 20250521 | ||
| 901 | |a 0500323177 |b IT2 |c FOL |u 20250521 | ||
| 902 | |a https://opac.biblio.iteso.mx/vufind/Record/000413721 | ||